000 00341nam a2200157Ia 4500
003 0STCL
008 150530s9999 xx 000 0 und d
040 _aSTCL
_cSTCL
100 _aMandi, E.
245 _aStatistical physics
260 _bELBS
_c1978
546 _aEnglish
942 _2ddc
_cBK
999 _c28672
_d28672
005 20220125170134.0